[Event "Stay Safe Play From Home 360"]
[Site "Emanuel Lasker Arena"]
[Date "2020.08.05"]
[Round "2"]
[White "Buzaglo"]
[Black "lazieri3"]
[Result "0-1"]
[WhiteElo "1734"]
[BlackElo "2014"]
[Annotator "TA"]
[PlyCount "112"]
[EventDate "2020.08.05"]
[EventType "swiss (blitz)"]

{[%evp 11,112,8,26,0,0,-4,91,0,24,0,0,0,-3,-21,-17,-17,0,0,0,-17,5,0,31,29,31,11,20,-17,0,0,0,0,0,-76,-83,-84,-82,-98,-78,-83,-86,-196,-198,-189,-122,-146,-137,-177,-197,-179,-133,-187,-178,-197,-92,-371,-381,-353,-353,-343,-341,-314,-243,-558,-466,-1535,-1512,-1075,-1066,-1504,-1431,-1987,-1881,-2104,-1776,-2062,-2283,-2027,-2309,-1560,-58,-58,-58,-2309,-2190,-29986,-29987,-29989,-29990,-29990,-29991,-29991,-29989,-29989,-29990,-29991,-29991,-29992,-29993,-29994,-29994,-29994,-29995]} 1. d4 c6 2. Nf3 d5 3. g3 Nf6 4. Bg2 Bf5 5. O-O h6 6. c4 e6 7. cxd5 {D11: Slav Defence: 3 Nf3 sidelines and 3...Nf6 4 e3 Bg4.} exd5 8. Nc3 Ne4 (8... Be7 $11 {keeps the balance.}) 9. Nxe4 (9. Nh4 $1 $16 {[%cal Rh4f5]} Bh7 10. Nxe4 dxe4 11. Qb3) 9... Bxe4 $11 {[#]} 10. Ne5 $146 ({Predecessor:} 10. Bf4 Bd6 {½-½ (10) Pasztor,L (1952)-Galko,T (1851) Hungary 2014}) 10... Bxg2 $1 11. Kxg2 Nd7 12. Nxd7 Qxd7 13. Bf4 Bd6 14. Bxd6 Qxd6 15. Qb3 Qc7 16. Rac1 Qb6 17. Qe3+ Kf8 18. b3 Re8 19. Qf4 Rxe2 20. Rfe1 Rxe1 21. Rxe1 {[%mdl 4096] Endgame Intending Qb8+ and mate. KQR-KQR} Qd8 22. Re5 (22. Qd2 $11) 22... f6 $1 $17 23. h4 Kf7 24. Qf5 Re8 (24... Qc8 {is more complex.} 25. Qf4 h5 26. f3 Re8 27. Rxe8 Qxe8 28. Kf2 Qd8) 25. Qh5+ Kf8 26. Rf5 (26. Qf5 $17) 26... Qe7 $19 27. Rf4 Qf7 (27... Qe2 $19 28. Qg6 Re4 29. Rxe4 Qxe4+ 30. Qxe4 dxe4) 28. Qf3 Qe6 29. Qd3 Qe2 30. Qh7 Re4 31. Qh8+ (31. Qf5 $17) 31... Kf7 32. Qb8 {[#]} Rxf4 ({Weaker is} 32... Qxa2 33. Qxb7+ Re7 34. Qxc6 $11) (32... Re7 $1 $19 33. Qh8 Qd1) 33. Qxf4 $4 {[%mdl 8192] [#] KQ-KQ} (33. Qxb7+ $17 {was necessary.} Kg6 34. gxf4) 33... Qe4+ $1 34. Qf3 Qxf3+ ({Don't take} 34... Qxd4 35. Qh5+ Ke7 36. Qg6 $19) 35. Kxf3 {KP-KP} f5 36. Kf4 Kf6 37. h5 $2 (37. b4) 37... b6 38. f3 (38. b4 $142 a5 39. bxa5 bxa5 40. a3) 38... c5 39. Ke3 g5 40. Kd3 Ke6 41. a3 Kd6 42. Kc3 Kc6 43. a4 a6 {[%cal Ba7a6,Ba6a5,Ba5b4][%mdl 32]} 44. b4 cxd4+ 45. Kxd4 Kd6 $2 (45... a5 $19 46. Kc3 axb4+ 47. Kxb4 Kd6) 46. f4 $1 $15 {[%cal Rf4g5] Strongly threatening fxg5.} g4 47. Kd3 $2 {[%mdl 8192]} (47. a5 $15 bxa5 48. bxa5) 47... a5 $19 48. Kd4 axb4 {Black mates.} 49. Kd3 Kc5 50. a5 bxa5 {[%cal Bb6a5,Ba5a4,Ba4a3][%mdl 32]} 51. Kc2 Kd4 52. Kb3 Ke3 53. Kc2 d4 54. Kd1 d3 55. Ke1 a4 56. Kd1 a3 {Accuracy: White = 48%, Black = 80%.} 0-1

[Event "Stay Safe Play From Home 360"]
[Site "Emanuel Lasker Arena"]
[Date "2020.08.05"]
[Round "2"]
[White "Erdema"]
[Black "Chesstiger9"]
[Result "1/2-1/2"]
[WhiteElo "1640"]
[BlackElo "1997"]
[PlyCount "108"]
[EventDate "2020.08.05"]
[EventType "swiss (blitz)"]

{- Volkov, Yuri} 1. e4 {[%emt 0:00:05]} c5 {[%emt 0:00:02]} 2. Nf3 {[%emt 0:00:06]} e6 {[%emt 0:00:01]} 3. d4 {[%emt 0:00:01]} cxd4 {[%emt 0:00:01]} 4. Nxd4 {[%emt 0:00:01]} a6 {[%emt 0:00:01]} 5. Be2 {[%emt 0:00:02]} b5 {[%emt 0:00:06]} 6. Bf3 {[%emt 0:00:04]} Bb7 {[%emt 0:00:01]} 7. e5 {[%emt 0:00:01]} Qc7 {[%emt 0:00:06]} 8. Bxb7 {[%emt 0:00:03]} Qxb7 {[%emt 0:00:01]} 9. Qf3 {[%emt 0:00:01]} Qxf3 {[%emt 0:00:01]} 10. Nxf3 {[%emt 0:00:02]} d5 {[%emt 0:00:01]} 11. exd6 {[%emt 0:00:02]} Bxd6 {[%emt 0:00:01]} 12. O-O {[%emt 0:00:01]} Nf6 {[%emt 0:00:01]} 13. a3 {[%emt 0:00:02]} O-O {[%emt 0:00:02]} 14. Nc3 {[%emt 0:00:02]} Nc6 {[%emt 0:00:01]} 15. Be3 {[%emt 0:00:03]} e5 {[%emt 0:00:04]} 16. h3 {[%emt 0:00:02]} h6 {[%emt 0:00:01]} 17. Rfd1 {[%emt 0:00:02]} Rfd8 {[%emt 0:00:01]} 18. Nd5 {[%emt 0:00:07]} Nxd5 {[%emt 0:00:03]} 19. Rxd5 {[%emt 0:00:02]} e4 {[%emt 0:00:00]} 20. Rxd6 {[%emt 0:00:19]} Rxd6 {[%emt 0:00:02]} 21. Nd2 {[%emt 0:00:01]} f5 {[%emt 0:00:02]} 22. c3 {[%emt 0:00:02]} Rad8 {[%emt 0:00:01]} 23. Nb3 {[%emt 0:00:04]} Rd1+ {[%emt 0:00:04]} 24. Rxd1 {[%emt 0:00:03]} Rxd1+ {[%emt 0:00:00]} 25. Kh2 {[%emt 0:00:01]} Ne5 {[%emt 0:00:07]} 26. Nc5 {[%emt 0:00:04]} Nc4 {[%emt 0:00:04]} 27. Bd4 {[%emt 0:00:05]} a5 {[%emt 0:00:05]} 28. b4 {[%emt 0:00:08]} axb4 {[%emt 0:00:03]} 29. axb4 {[%emt 0:00:02]} Nb2 {[%emt 0:00:17]} 30. Ne6 {[%emt 0:00:04]} g5 {[%emt 0:00:03]} 31. Nc7 {[%emt 0:00:03]} Nd3 {[%emt 0:00:04]} 32. Nxb5 {[%emt 0:00:05]} f4 {[%emt 0:00:06]} 33. Nd6 {[%emt 0:00:05]} Nxb4 {[%emt 0:00:12]} 34. Nxe4 {[%emt 0:00:06]} Nd3 {[%emt 0:00:05]} 35. Nf6+ {[%emt 0:00:11]} Kf7 {[%emt 0:00:02]} 36. Ng4 {[%emt 0:00:02]} Kg6 {[%emt 0:00:03]} 37. Ne5+ {[%emt 0:00:11]} Nxe5 {[%emt 0:00:01]} 38. Bxe5 {[%emt 0:00:02]} Kf5 {[%emt 0:00:01]} 39. Bd4 {[%emt 0:00:02]} h5 {[%emt 0:00:03]} 40. g3 {[%emt 0:00:11] Erdema beraberlik teklif ediyor Erdema beraberlik teklif ediyor Erdema beraberlik teklif ediyor Erdema beraberlik teklif ediyor Erdema beraberlik teklif ediyor} g4 {[%emt 0:00:26]} 41. hxg4+ {[%emt 0:00:05]} Kxg4 {[%emt 0:00:03]} 42. gxf4 {[%emt 0:00:01]} Kxf4 {[%emt 0:00:01]} 43. Be3+ {[%emt 0:00:02]} Kf3 {[%emt 0:00:01]} 44. c4 {[%emt 0:00:06]} Rd7 {[%emt 0:00:09]} 45. c5 {[%emt 0:00:02]} Rc7 {[%emt 0:00:01]} 46. Kh3 {[%emt 0:00:02] Chesstiger9 offers a draw Chesstiger9 offers a draw Chesstiger9 offers a draw Chesstiger9 offers a draw Chesstiger9 offers a draw} Rh7 {[%emt 0:00:16]} 47. Kh4 {[%emt 0:00:04]} Ke4 {[%emt 0:00:04]} 48. c6 {[%emt 0:00:05]} Kd5 {[%emt 0:00:06]} 49. c7 {[%emt 0:00:01]} Rxc7 {[%emt 0:00:02]} 50. Kxh5 {[%emt 0:00:02]} Ke4 {[%emt 0:00:00]} 51. Kg6 {[%emt 0:00:02]} Kf3 {[%emt 0:00:02]} 52. Kf5 {[%emt 0:00:02]} Rc3 {[%emt 0:00:03]} 53. Ke5 {[%emt 0:00:02]} Rxe3+ {[%emt 0:00:01]} 54. fxe3 {[%emt 0:00:02]} Kxe3 {[%emt 0:00:00] (Lag: Av=0.86s, max=2.0s) (Lag: Av=0.86s, max=2.0s) (Lag: Av=0.86s, max=2.0s) (Lag: Av=0.86s, max=2.0s) (Lag: Av=0.86s, max=2.0s)} 1/2-1/2

[Event "Stay Safe Play From Home 360"]
[Site "Emanuel Lasker Arena"]
[Date "2020.08.05"]
[Round "3"]
[White "SelamiSahin"]
[Black "Dukic"]
[Result "1-0"]
[WhiteElo "2098"]
[BlackElo "1860"]
[Annotator "TA"]
[PlyCount "75"]
[EventDate "2020.08.05"]
[EventType "swiss (blitz)"]

{[%evp 9,75,35,47,45,45,43,62,66,94,47,81,85,84,39,44,41,156,147,200,75,160,145,131,122,336,13,21,21,97,60,52,54,83,72,99,108,170,173,275,288,374,378,577,337,325,341,310,231,282,265,250,259,284,277,445,438,1225,1193,951,902,938,816,905,898,820,672,843,830]} 1. e4 c6 2. d4 d6 3. Bd3 Nd7 4. c3 e5 5. Ne2 Be7 6. O-O {B12: Caro-Kann: Advance Variation.} Ngf6 7. f4 O-O 8. Ng3 {White is slightly better.} Re8 9. Kh1 Qb6 10. fxe5 dxe5 11. Nf5 Bf8 {[#]} 12. Qf3 $146 ({Predecessor:} 12. Nd2 g6 13. Nc4 Qc7 14. Nh6+ Bxh6 15. Bxh6 exd4 16. cxd4 Nxe4 17. Bxe4 Rxe4 18. Rxf7 Rh4 19. Ne5 Rxh6 20. Qg4 Nxe5 {0-1 (20) Scholz,F (1559)-Hofmann,A (1682) Moembris 2003}) 12... c5 ({Black should play} 12... exd4 $1 $14 13. cxd4 g6) 13. d5 $16 a6 (13... c4 $16) 14. Qg3 (14. Nd2 $18) 14... Kh8 (14... Nh5 $142 15. Qf3 Ndf6) 15. Na3 Qc7 16. Nc4 {Threatens to win with Ncd6!} b5 $2 {[#]} (16... Nh5 $16 {was called for.} 17. Qh4 b5) 17. Nce3 $2 (17. Ncd6 $1 $18 {[%cal Rd6f7][%mdl 512]} Nb6 (17... Bxd6 18. Qxg7#) 18. Nxe8 Nxe8 19. Bd2) 17... c4 $11 18. Bc2 Qb6 (18... g6 $11 {keeps the balance.}) 19. Ng4 Nxg4 20. Qxg4 Nf6 21. Qh4 $36 {[%mdl 2048] [#] Hoping for Be3. White has strong initiative. White leaves nothing to chance now.} Bxf5 22. Rxf5 Nd7 (22... Kg8 $16 {was worth a try.}) 23. Rxf7 $18 Nc5 (23... Nf6 $142) 24. Be3 Qd6 25. Raf1 Be7 (25... Qg6 $142 26. Qf2 Qd6) 26. Bg5 Bxg5 27. Qxg5 {[%csl Gf7][%cal Rg5g7]} Rg8 28. R1f3 Raf8 29. h3 Rxf7 30. Rxf7 h6 31. Qe7 Qg6 $2 (31... Qxe7 32. Rxe7 Rf8) 32. Rf5 {White is clearly winning.} Qg3 (32... Nd3 $142 33. Bxd3 cxd3) 33. Qxc5 Qe1+ 34. Qg1 Qd2 35. Rf2 Qe3 36. Qf1 Kh7 37. Re2 Qg5 38. Qf5+ {Accuracy: White = 48%, Black = 28%.} 1-0

[Event "Stay Safe Play From Home 360"]
[Site "Emanuel Lasker Arena"]
[Date "2020.08.05"]
[Round "3"]
[White "No name"]
[Black "Erdema"]
[Result "1-0"]
[WhiteElo "2068"]
[BlackElo "1654"]
[Annotator "TA"]
[PlyCount "53"]
[EventDate "2020.08.05"]
[EventType "swiss (blitz)"]

{[%evp 9,53,44,91,18,58,75,147,124,187,186,331,361,435,431,465,414,436,423,430,409,429,380,373,350,451,445,490,489,618,488,464,306,1494,1525,29996,2212,29996,1984,1972,1962,2216,2188,29988,29989,29990,3190]} 1. d4 d5 2. c4 Nf6 3. cxd5 Nxd5 4. e4 Nf6 5. Nc3 e6 6. f3 {D06: Queen's Gambit: Symmetrical and Baltic Defences.} (6. Bf4 $16) 6... h6 {[#]} 7. Be3 $146 ({Predecessor:} 7. Bc4 Bb4 8. Nge2 Nc6 9. O-O O-O 10. a3 Ba5 11. Bf4 Bb6 12. Be3 e5 13. Nd5 Nxd5 14. Bxd5 {1-0 (53) Figueiredo,L (1230)-Correa,T (1368) Vitoria 2018}) 7... Nh5 {White stays focused until the end.} (7... Be7 $142) 8. Bd3 {White is clearly better.} Qh4+ (8... Be7 $16) 9. g3 $18 Nxg3 (9... Qe7 {was worth a try.} 10. e5 g5) 10. Bf2 {[%mdl 64] Pin} Qg5 11. hxg3 Bd6 12. Nh3 Qe7 13. e5 Bb4 14. a3 Ba5 15. Qa4+ Nc6 16. O-O O-O 17. Nf4 Bb6 18. Bb1 Qg5 19. Qc2 {[%csl Gb1][%cal Rc2h7]} g6 20. Ne4 Qe7 $2 (20... Nxd4 21. Nxg5 Nxc2) 21. Nf6+ Kg7 {[#]} 22. Nxg6 $1 Qd8 (22... fxg6 23. Qxg6+) 23. Nxf8 (23. Nh5+ $142 Kh7 24. Ne7+ {[%mdl 64] Discovered Attack} f5 25. exf6+ {[%mdl 64] Discovered Attack} Kh8 26. Qh7#) 23... Kxf8 24. Qh7 {White wants to mate with Bg6!} Ke7 25. Ng8+ Ke8 {[#]} 26. Bg6 $1 {[%csl Gg6][%cal Rh7f7]} Kd7 (26... fxg6 27. Nf6+) 27. Nf6+ {Accuracy: White = 53%, Black = 12%.} (27. Qxf7+ $142 Ne7 28. Nf6+ Kc6 29. Rfc1+ Bc5 {[#]} 30. d5+ $1 {[%mdl 576] Double Attack} Kb6 31. Bxc5+ Ka6 32. Bxe7) 1-0

[Event "Stay Safe Play From Home 360"]
[Site "Emanuel Lasker Arena"]
[Date "2020.08.05"]
[Round "3"]
[White "lazieri3"]
[Black "Padmaesh M K"]
[Result "1/2-1/2"]
[WhiteElo "2020"]
[BlackElo "1715"]
[Annotator "TA"]
[PlyCount "164"]
[EventDate "2020.08.05"]
[EventType "swiss (blitz)"]

{[%evp 17,164,-16,-16,-25,-39,-37,-31,-80,-57,-65,-35,-47,-36,-40,-41,-113,15,0,0,-76,0,-23,-33,-32,20,10,130,130,122,122,133,127,127,70,70,70,75,70,70,70,70,66,71,56,56,54,70,0,41,41,46,14,56,0,0,0,0,0,0,0,0,0,0,0,0,0,0,0,0,0,0,0,0,0,0,0,0,0,0,0,0,0,0,0,0,0,0,0,0,0,0,0,0,0,0,0,0,0,0,0,0,0,0,0,0,0,0,0,0,0,0,0,0,0,0,0,0,0,0,0,0,0,0,0,0,0,0,0,0,0,0,0,0,0,0,0,0,0,0,0,0,0,0,0,0,0,0,0,0]} 1. e4 e6 2. Nc3 d5 3. exd5 exd5 4. d4 Nf6 5. Nf3 Bd6 6. Bd3 c6 7. Bg5 O-O 8. O-O Bg4 9. h3 Bh5 10. Be2 {C01: French: Exchange Variation.} Nbd7 11. Re1 Qc7 12. Bh4 {Black is slightly better.} h6 13. Ne5 Bxe2 14. Qxe2 Rfe8 15. f4 Qb6 {[#] ...Nxe5 is the strong threat.} 16. Qd3 $146 (16. Qd2 $15) ({Predecessor:} 16. Bxf6 Nxf6 17. Rab1 Qxd4+ 18. Kh1 Qxf4 19. Nd3 Qh2# {0-1 (19) Yukelson,T (940)-Zannoni,M (1443) Bad Homburg 2014}) 16... c5 ({Stronger than} 16... Qxb2 17. Rab1 $14) ({Black should try} 16... Bxe5 $17 17. fxe5 Rxe5) 17. Nxd7 (17. Nxd5 {seems wilder.} Nxd5 18. Nxd7 Qc6 19. Ne5 Qc7 20. Qe4) 17... Nxd7 18. Na4 (18. Nxd5 $11 Qxb2 19. Bf2 Rxe1+ 20. Rxe1) 18... Qa5 (18... Qb4 $17 19. Nc3 Nb6 20. dxc5 Bxc5+ 21. Kh2 Qxf4+ 22. Bg3 Qd4) 19. Nxc5 (19. dxc5 {is more complex.} Bxf4 20. Nc3 Qxc5+ 21. Bf2 Bh2+ 22. Kf1) 19... Nxc5 20. dxc5 Bxf4 ({Black should play} 20... Qxc5+ $15 21. Bf2 Qc6) 21. Qxd5 Bg5 (21... Be3+ $11 {remains equal.} 22. Kh1 Qc7) 22. Rxe8+ $16 Rxe8 23. Bxg5 hxg5 {[%mdl 4096] Endgame KQR-KQR} 24. Rf1 Qc7 25. Qxg5 (25. b4 $16) 25... Re5 $14 26. Qf4 Qxc5+ 27. Qf2 Qc7 28. Qxa7 Re2 29. Qd4 Rxc2 30. a3 b5 31. Rd1 Qg3 {[%csl Gc2][%cal Rg3g2]} 32. Qd8+ {[#]} (32. Qe4 $5 {[%cal Rd1d8]} Qf2+ 33. Kh2 $14) 32... Kh7 $1 {[%csl Gc2][%cal Rg3g2][%mdl 512] [#]} 33. Qd5 $1 {[%mdl 64] White threatens Qh5+ and mate. Double Attack} Qf2+ 34. Kh1 {Intending Qh5+ and mate.} Kh6 35. Qd6+ (35. b3 $14) 35... f6 {[%csl Gc2][%cal Rf2g2] The position is equal.} 36. Rg1 Rxb2 37. Qf8 Kg6 38. Qe8+ Kh6 39. Qe4 Rb3 40. a4 bxa4 41. Qxa4 Re3 42. Qg4 Re1 43. Rxe1 Qxe1+ $11 {KQ-KQ} 44. Kh2 Qe5+ 45. Kg1 Qe1+ 46. Kh2 Qe5+ 47. Qg3 Qxg3+ 48. Kxg3 {KPP-KPP} g5 49. Kg4 Kg6 50. Kf3 f5 51. Kg3 Kf6 52. Kf3 Ke5 53. Ke3 f4+ 54. Ke2 Kf5 55. Kf3 Kf6 56. Kg4 Kg6 57. Kf3 Kf5 58. Kf2 Kf6 59. Ke2 Kf5 60. Kd3 Kg6 61. Ke4 Kf6 62. h4 gxh4 63. Kxf4 {Kg4 would kill now.} h3 64. gxh3 {KP-K} Kg6 65. Kg4 Kh6 66. Kh4 Kg6 67. Kg4 Kh6 68. h4 Kg6 69. h5+ Kh6 70. Kh4 Kh7 71. Kg5 Kg7 72. Kf5 Kh8 73. Kg4 Kg8 74. Kh4 Kh8 75. Kg5 Kg8 76. Kh6 Kh8 77. Kg6 Kg8 78. h6 Kh8 79. Kg5 Kg8 80. Kf6 Kh8 81. Kf7 Kh7 82. Kf6 Kxh6 {Accuracy: White = 89%, Black = 87%.} 1/2-1/2

[Event "Stay Safe Play From Home 360"]
[Site "Emanuel Lasker Arena"]
[Date "2020.08.05"]
[Round "3"]
[White "Chesstiger9"]
[Black "Batabat1955"]
[Result "1/2-1/2"]
[WhiteElo "1984"]
[BlackElo "1620"]
[Annotator "NA RC"]
[PlyCount "71"]
[EventDate "2020.08.05"]
[EventType "swiss (blitz)"]

{Volkov, Yuri} 1. d4 {[%emt 0:00:06]} c6 {[%emt 0:00:00]} 2. Nf3 {[%emt 0:00:03]} d5 {[%emt 0:00:00]} 3. e3 {[%emt 0:00:01]} Bg4 {[%emt 0:00:01]} 4. Nbd2 {[%emt 0:00:02]} Nd7 {[%emt 0:00:01]} 5. Be2 {[%emt 0:00:01]} Ngf6 {[%emt 0:00:01]} 6. h3 {[%emt 0:00:01]} Bh5 {[%emt 0:00:01]} 7. O-O {[%emt 0:00:01]} Qc7 {[%emt 0:00:01]} 8. b3 {[%emt 0:00:01]} e6 {[%emt 0:00:01]} 9. Bb2 {[%emt 0:00:01]} Bd6 {[%emt 0:00:02]} 10. c4 {[%emt 0:00:04]} O-O {[%emt 0:00:02]} 11. c5 {[%emt 0:00:01]} Be7 {[%emt 0:00:01]} 12. b4 {[%emt 0:00:01]} a6 {[%emt 0:00:03]} 13. Ne5 {[%emt 0:00:02]} Bxe2 {[%emt 0:00:03]} 14. Qxe2 {[%emt 0:00:00]} Nxe5 {[%emt 0:00:02]} 15. dxe5 {[%emt 0:00:00]} Nd7 {[%emt 0:00:01]} 16. f4 {[%emt 0:00:01]} f6 {[%emt 0:00:01]} 17. exf6 {[%emt 0:00:02]} Bxf6 {[%emt 0:00:09]} 18. Bxf6 {[%emt 0:00:02]} Nxf6 {[%emt 0:00:00]} 19. e4 {[%emt 0:00:01]} e5 {[%emt 0:00:16]} 20. exd5 {[%emt 0:00:04]} Nxd5 {[%emt 0:00:13]} 21. fxe5 {[%emt 0:00:03]} Nxb4 {[%emt 0:00:06]} 22. Nc4 {[%emt 0:00:18]} Rae8 {[%emt 0:00:05]} 23. e6 {[%emt 0:00:04]} Rxf1+ {[%emt 0:00:12]} 24. Rxf1 {[%emt 0:00:02]} Qe7 {[%emt 0:00:01]} 25. Nd6 {[%emt 0:00:13]} Rf8 {[%emt 0:00:08]} 26. Rf7 {[%emt 0:00:08]} Rxf7 {[%emt 0:00:09]} 27. exf7+ {[%emt 0:00:01]} Kf8 {[%emt 0:00:01]} 28. Qg4 {[%emt 0:01:12]} Qe3+ {[%emt 0:00:06]} 29. Kh2 {[%emt 0:00:06]} Qe5+ {[%emt 0:00:06]} 30. g3 {[%emt 0:00:06]} Qb2+ {[%emt 0:00:04]} 31. Kg1 {[%emt 0:00:03]} Qc1+ {[%emt 0:00:08]} 32. Kg2 {[%emt 0:00:01]} Qc2+ {[%emt 0:00:05]} 33. Kh1 {[%emt 0:00:02]} Qc1+ {[%emt 0:00:03]} 34. Kg2 {[%emt 0:00:01]} Qc2+ {[%emt 0:00:01]} 35. Kf1 {[%emt 0:00:13]} Qc1+ {[%emt 0:00:09]} 36. Kg2 {[%emt 0:00:08] (Lag: Av=0.46s, max=1.2s) (Lag: Av=0.46s, max=1.2s) (Lag: Av=0.46s, max=1.2s) (Lag: Av=0.46s, max=1.2s) (Lag: Av=0.46s, max=1.2s)} 1/2-1/2

[Event "Stay Safe Play From Home 360"]
[Site "Emanuel Lasker Arena"]
[Date "2020.08.05"]
[Round "3"]
[White "Klasman"]
[Black "Joroger"]
[Result "0-1"]
[WhiteElo "1565"]
[BlackElo "1865"]
[Annotator "NA"]
[PlyCount "100"]
[EventDate "2020.08.05"]
[EventType "swiss (blitz)"]

1. f4 {[%emt 0:00:04]} d5 {[%emt 0:00:02]} 2. e3 {[%emt 0:00:02]} Nf6 {[%emt 0:00:02]} 3. Nf3 {[%emt 0:00:01]} e6 {[%emt 0:00:01]} 4. c4 {[%emt 0:00:01]} c5 {[%emt 0:00:04]} 5. cxd5 {[%emt 0:00:06]} exd5 {[%emt 0:00:01]} 6. Bb5+ {[%emt 0:00:01]} Bd7 {[%emt 0:00:02]} 7. Qa4 {[%emt 0:00:04]} Bd6 {[%emt 0:00:04]} 8. O-O {[%emt 0:00:09]} O-O {[%emt 0:00:03]} 9. Nc3 {[%emt 0:00:18]} a6 {[%emt 0:00:06]} 10. Ne5 {[%emt 0:00:07]} Bxb5 {[%emt 0:00:22]} 11. Nxb5 {[%emt 0:00:03]} Qe8 {[%emt 0:00:20]} 12. Nc3 {[%emt 0:00:02]} Bxe5 {[%emt 0:00:06]} 13. fxe5 {[%emt 0:00:05]} Qxe5 {[%emt 0:00:05]} 14. d4 {[%emt 0:00:28]} Qe7 {[%emt 0:00:11]} 15. Bd2 {[%emt 0:00:18]} Nc6 {[%emt 0:00:07]} 16. dxc5 {[%emt 0:00:04]} Qxc5 {[%emt 0:00:02]} 17. Qh4 {[%emt 0:00:12]} Rae8 {[%emt 0:00:19]} 18. Rf5 {[%emt 0:00:18]} Ne4 {[%emt 0:00:16]} 19. Rxd5 {[%emt 0:00:16]} Qe7 {[%emt 0:00:01]} 20. Qxe7 {[%emt 0:00:19]} Rxe7 {[%emt 0:00:00]} 21. Nxe4 {[%emt 0:00:05]} Rxe4 {[%emt 0:00:01]} 22. Rd7 {[%emt 0:00:01]} Re7 {[%emt 0:00:21]} 23. Rxe7 {[%emt 0:00:25]} Nxe7 {[%emt 0:00:00]} 24. Rc1 {[%emt 0:00:08]} Rc8 {[%emt 0:00:18]} 25. Bc3 {[%emt 0:00:13]} f6 {[%emt 0:00:21]} 26. Rd1 {[%emt 0:00:15]} b5 {[%emt 0:00:28]} 27. Rd7 {[%emt 0:00:04]} Nf5 {[%emt 0:00:20]} 28. e4 {[%emt 0:00:02]} Ne3 {[%emt 0:00:17]} 29. e5 {[%emt 0:00:16]} Ng4 {[%emt 0:00:21]} 30. exf6 {[%emt 0:00:02]} Nxf6 {[%emt 0:00:00]} 31. Ra7 {[%emt 0:00:02]} Rc6 {[%emt 0:00:01]} 32. Kf2 {[%emt 0:00:02]} h6 {[%emt 0:00:03]} 33. Kf3 {[%emt 0:00:02]} Kh7 {[%emt 0:00:01]} 34. Bxf6 {[%emt 0:00:02]} Rxf6+ {[%emt 0:00:01]} 35. Ke4 {[%emt 0:00:02]} Kg6 {[%emt 0:00:00]} 36. b3 {[%emt 0:00:04]} h5 {[%emt 0:00:00]} 37. a4 {[%emt 0:00:01]} Rb6 {[%emt 0:00:03]} 38. axb5 {[%emt 0:00:01]} axb5 {[%emt 0:00:00]} 39. b4 {[%emt 0:00:01]} Kf6 {[%emt 0:00:01]} 40. Kd5 {[%emt 0:00:01]} Re6 {[%emt 0:00:01]} 41. Kc5 {[%emt 0:00:02]} Re5+ {[%emt 0:00:01]} 42. Kc6 {[%emt 0:00:02]} g5 {[%emt 0:00:00]} 43. Ra5 {[%emt 0:00:02]} Kf5 {[%emt 0:00:02]} 44. Rxb5 {[%emt 0:00:01]} Rxb5 {[%emt 0:00:00]} 45. Kxb5 {[%emt 0:00:01]} g4 {[%emt 0:00:00]} 46. Kc5 {[%emt 0:00:01]} Ke4 {[%emt 0:00:00]} 47. b5 {[%emt 0:00:01]} Ke3 {[%emt 0:00:00]} 48. b6 {[%emt 0:00:01]} Kf2 {[%emt 0:00:00]} 49. b7 {[%emt 0:00:01]} Kxg2 {[%emt 0:00:00]} 50. b8=Q {[%emt 0:00:01]} h4 {[%emt 0:00:02] Time Time Time Time Time (Lag: Av=0.43s, max=1.0s) (Lag: Av=0.43s, max=1.0s) (Lag: Av=0.43s, max=1.0s) (Lag: Av=0.43s, max=1.0s) (Lag: Av=0.43s, max=1.0s)} 0-1

[Event "Stay Safe Play From Home 360"]
[Site "Emanuel Lasker Arena"]
[Date "2020.08.05"]
[Round "3"]
[White "Stepmaker"]
[Black "Buzaglo"]
[Result "0-1"]
[WhiteElo "1444"]
[BlackElo "1729"]
[Annotator "NA RC"]
[PlyCount "80"]
[EventDate "2020.08.05"]
[EventType "swiss (blitz)"]

1. d4 {[%emt 0:00:04]} d5 {[%emt 0:00:01]} 2. c4 {[%emt 0:00:01]} e6 {[%emt 0:00:01]} 3. Nc3 {[%emt 0:00:01]} Nf6 {[%emt 0:00:01]} 4. Nf3 {[%emt 0:00:01]} Be7 {[%emt 0:00:01]} 5. Bg5 {[%emt 0:00:01]} Kf8 {[%emt 0:00:01]} 6. e3 {[%emt 0:00:00]} h6 {[%emt 0:00:02]} 7. Bh4 {[%emt 0:00:01]} g5 {[%emt 0:00:01]} 8. Bg3 {[%emt 0:00:01]} Kg7 {[%emt 0:00:01]} 9. Be5 {[%emt 0:00:01]} Re8 {[%emt 0:00:02]} 10. h4 {[%emt 0:00:02]} Nbd7 {[%emt 0:00:03]} 11. hxg5 {[%emt 0:00:03]} Nxe5 {[%emt 0:00:03]} 12. dxe5 {[%emt 0:00:03]} Ng4 {[%emt 0:00:07]} 13. gxh6+ {[%emt 0:00:04]} Nxh6 {[%emt 0:00:01]} 14. Bd3 {[%emt 0:00:03]} dxc4 {[%emt 0:00:07]} 15. Bxc4 {[%emt 0:00:11]} Qxd1+ {[%emt 0:00:01]} 16. Rxd1 {[%emt 0:00:01]} c6 {[%emt 0:00:09]} 17. Ne4 {[%emt 0:00:08]} b5 {[%emt 0:00:04]} 18. Bb3 {[%emt 0:00:05]} Ng4 {[%emt 0:00:06]} 19. Nfg5 {[%emt 0:00:26]} Bxg5 {[%emt 0:00:16]} 20. Nxg5 {[%emt 0:00:02]} Nxe5 {[%emt 0:00:03]} 21. Rh7+ {[%emt 0:00:08]} Kg6 {[%emt 0:00:25]} 22. f4 {[%emt 0:00:02]} Ng4 {[%emt 0:00:23]} 23. Bc2+ {[%emt 0:00:10]} f5 {[%emt 0:00:01]} 24. e4 {[%emt 0:00:24]} Ne3 {[%emt 0:00:05]} 25. exf5+ {[%emt 0:00:07]} exf5 {[%emt 0:00:01]} 26. Rd6+ {[%emt 0:00:03]} Be6 {[%emt 0:00:09]} 27. Bb3 {[%emt 0:01:05]} Nc4 {[%emt 0:00:08]} 28. Rxc6 {[%emt 0:00:25]} Rac8 {[%emt 0:00:28]} 29. Ra6 {[%emt 0:00:25]} Nb6 {[%emt 0:00:21]} 30. Bxe6 {[%emt 0:00:09]} Rc6 {[%emt 0:00:09]} 31. Rhxa7 {[%emt 0:00:09]} Kh5 {[%emt 0:00:21]} 32. Rh7+ {[%emt 0:00:10]} Kg4 {[%emt 0:00:01]} 33. Kd2 {[%emt 0:00:04]} Kxf4 {[%emt 0:00:02]} 34. Bd7 {[%emt 0:00:05]} Rd6+ {[%emt 0:00:03]} 35. Kc2 {[%emt 0:00:04]} Re2+ {[%emt 0:00:02]} 36. Kb3 {[%emt 0:00:02]} Rxd7 {[%emt 0:00:01]} 37. Rxd7 {[%emt 0:00:02]} Nxd7 {[%emt 0:00:00]} 38. Rd6 {[%emt 0:00:01]} Nc5+ {[%emt 0:00:03]} 39. Kb4 {[%emt 0:00:02]} Na6+ {[%emt 0:00:04]} 40. Kxb5 {[%emt 0:00:01]} Nc7+ {[%emt 0:00:02] TimeW TimeW TimeW TimeW TimeW} 0-1